<?xml version="1.0" encoding="UTF-8"?>
<marc:record xmlns:marc="http://www.loc.gov/MARC21/slim">
   <marc:leader>00000nam a2200000 a 4500</marc:leader>
   <marc:datafield ind1="1" ind2=" " tag="100">
      <marc:subfield code="a">Fleming, Ian</marc:subfield>
      <marc:subfield code="4">aut</marc:subfield>
      <marc:subfield code="e">Verfasser/-in</marc:subfield>
   </marc:datafield>
   <marc:datafield ind1="0" ind2="0" tag="245">
      <marc:subfield code="a">Sag niemals nie</marc:subfield>
   </marc:datafield>
   <marc:datafield ind1="0" ind2="0" tag="245">
      <marc:subfield code="c">Ian Fleming</marc:subfield>
   </marc:datafield>
   <marc:datafield ind1=" " ind2="1" tag="264">
      <marc:subfield code="a">Frankfurt</marc:subfield>
      <marc:subfield code="b">MGM Home Entertainment</marc:subfield>
      <marc:subfield code="c">2004</marc:subfield>
   </marc:datafield>
   <marc:datafield ind1="1" ind2=" " tag="520">
      <marc:subfield code="a">Zwei tödliche Raketensprengköpfte verschwinden von einer US-Luftwaffenbasis. Verantwortlich für das Verbrechen ist der skrupellose Terrorist Ernst Blofeld. Als die NATO kurz darauf Lösegeldforderungen erhält, schickt der britische Geheimdienst James Bond auf die Suche nach den gefährlichen Sprengköpfen. Sein Auftrag lautet nicht nur die gestohlenen Waffen zu finden, sondern auch Blofeld zu eliminieren. Aber Agent 007 sollte seine Gegner nicht unterschätzen, denn die mächtige Verbrecherorganisation SPECTRE hat in schon lange im Visier.</marc:subfield>
   </marc:datafield>
   <marc:datafield ind1="0" ind2=" " tag="490">
      <marc:subfield code="v">0</marc:subfield>
   </marc:datafield>
   <marc:datafield ind1=" " ind2=" " tag="300">
      <marc:subfield code="a">128 Min.</marc:subfield>
   </marc:datafield>
</marc:record>
